Regions of Countries by Flag - Statistics

General Stats
  • This quiz has been taken 27 times
  • The average score is 7 of 12
Answer Stats
Picture Answer % Correct
texas
100%
wales
94%
greenland
83%
colorado
78%
macau
78%
aland
72%
catalonia
67%
abkhazia
56%
northern territory
44%
cabinda
17%
chuuk
17%
tigray
17%
No matching quizzes found
Score Distribution
Percent of People with Each Score
Percentile by Number Answered
Your Score History
You have not taken this quiz